Estado de desarrollo del motor ortodoxo de gran potencia y examen de sus coeficientes de calidad / (Record no. 109059)

MARC details
000 -LEADER
campo de control de longitud fija 00546nam a2200157 4500
001 - NÚMERO DE CONTROL
campo de control 109059
003 - IDENTIFICADOR DE NÚMERO DE CONTROL
campo de control ES-MaACL
005 - FECHA Y HORA DE LA ÚLTIMA TRANSACCIÓN
campo de control 20230906184751.0
007 - CAMPO FIJO DE DESCRIPCIÓN FÍSICA--INFORMACIÓN GENERAL
campo de control de longitud fija t|
008 - DATOS DE LONGITUD FIJA--INFORMACIÓN GENERAL
campo de control de longitud fija 061121s1944 sp r ||||1| spa d
100 1# - ENTRADA PRINCIPAL--NOMBRE DE PERSONA
Nombre de persona Moyano Araiztegui, Tomás.
9 (RLIN) 83986
245 10 - MENCIÓN DEL TÍTULO
Título Estado de desarrollo del motor ortodoxo de gran potencia y examen de sus coeficientes de calidad /
Mención de responsabilidad, etc. Tomás Moyano Araiztegui.
260 ## - PUBLICACIÓN, DISTRIBUCIÓN, ETC.
Lugar de publicación, distribución, etc. Madrid :
Nombre del editor, distribuidor, etc. Jobs. de López Robert y Cª,
Fecha de publicación, distribución, etc. 1944.
300 ## - DESCRIPCIÓN FÍSICA
Extensión 154 p., 8 lám :
Otras características físicas il. ;
Dimensiones 25 cm.
852 ## - LOCALIZACIÓN
Ubicación ES-MaACL
Número de control de estantería B-10716
Sublocalización o colección R.21988
Holdings
Estatus retirado Estado de pérdida Estado de daño No para préstamo Biblioteca de origen Biblioteca actual Ubicación en estantería Fecha de adquisición Fuente de adquisición Total de préstamos Signatura topográfica completa Código de barras Visto por última vez Precio de reemplazo Tipo de ítem Koha
        Biblioteca del Ateneo de Madrid Biblioteca del Ateneo de Madrid Sala Pardo Bazán 17/01/2008     B-10716 1113796 23/02/2023 23/02/2023 Libro impreso